000 00508nam a2200145Ia 4500
999 _c20170
_d20170
082 _aTK.0275
100 _aKanwal, D.R.
245 0 _aSocial science research libraries in India : A study of their growth, development and services with particular reference to post-independence period
260 _c1991
_bUniversity of Delhi
300 _a495p.
650 _aSOCIAL SCIENCE LIBRARIES - INDIA
650 _aLIBRARIES, SOCIAL SCIENCE//SOCIAL SCIENCE LIBRARIES
710 _aMangla, P.B.
942 _cTH
_2ddc